| 000 -LEADER |
| fixed length control field |
00719nam a22001337a 4500 |
| 040 ## - CATALOGING SOURCE |
| Transcribing agency |
RUA |
| 082 ## - DEWEY DECIMAL CLASSIFICATION NUMBER |
| Classification number |
VEM PHO 2024 B1.330 |
| 100 ## - MAIN ENTRY--AUTHOR NAME |
| Personal name |
PHORN SOPHEAK, ផន សុភ័ក្រ្ត |
| 245 ## - TITLE STATEMENT |
| Title |
Case of Escherichia Coli Antibiotic resistance in chicken at khvav Commune, Samraong District, takeo province, ករណី Escherichia Coli ស៊ាំនឹងឳសថអង់ទីប៊ីយ៉ូទិកលើមាន់ នៅឃុំខ្វាវ ស្រុកសំរោង ខេត្តតាកែវ |
| 260 ## - PUBLICATION, DISTRIBUTION, ETC. (IMPRINT) |
| Place of publication |
PHNOM PENH |
| Name of publisher |
RUA |
| Year of publication |
2024 |
| 300 ## - PHYSICAL DESCRIPTION |
| Number of Pages |
ix, |
| Other physical details |
ill, |
| Dimensions |
2024 |
| 856 ## - ELECTRONIC LOCATION AND ACCESS |
| Uniform Resource Identifier |
https://drive.google.com/file/d/1lpQSga6cgbRnqARzmRPTVeISGyxgY4Sl/view?usp=sharing |
| 942 ## - ADDED ENTRY ELEMENTS (KOHA) |
| Koha item type |
VEM |
| 952 ## - LOCATION AND ITEM INFORMATION (KOHA) |
| Withdrawn status [LOCAL, KOHA] |
0 |
| 952 ## - LOCATION AND ITEM INFORMATION (KOHA) |
| Withdrawn status [LOCAL, KOHA] |
0 |